Swamy's handbook 2025 : (Record no. 1430415)

MARC details
000 -LEADER
fixed length control field 00675nam a2200205Ia 4500
005 - DATE AND TIME OF LATEST TRANSACTION
control field 20250616171351.0
008 - FIXED-LENGTH DATA ELEMENTS--GENERAL INFORMATION
fixed length control field 008 250516s9999 xx 000 0 hin d
040 ## - CATALOGING SOURCE
Language of cataloging eng
Transcribing agency SDCL
041 ## - LANGUAGE CODE
Language code of text/sound track or separate title hin
Source of code hin
084 ## - COLON CLASSIFICATION NUMBER
Classification number X:9.2'P1g R5 RR
100 ## - MAIN ENTRY--PERSONAL NAME
Personal name Muthuswamy
245 #0 - TITLE STATEMENT
Title Swamy's handbook 2025 :
Remainder of title Kendra sarkar ke karmchariyo ke liye
246 ## - VARYING FORM OF TITLE
Title proper/short title Swamy's हैंडबुक २०२५ :
Remainder of title केंद्र सरकार के कर्मचारियों के लिए
260 ## - PUBLICATION, DISTRIBUTION, ETC.
Place of publication, distribution, etc. New Delhi :
Name of publisher, distributor, etc. Swamy Publishers (P) Ltd,
Date of publication, distribution, etc. 2025.
300 ## - PHYSICAL DESCRIPTION
Extent xvi, 608p.
650 ## - SUBJECT ADDED ENTRY--TOPICAL TERM
Topical term or geographic name entry element Finance
700 ## - ADDED ENTRY--PERSONAL NAME
Personal name Brinda
700 ## - ADDED ENTRY--PERSONAL NAME
Personal name Sanjeev
942 ## - ADDED ENTRY ELEMENTS (KOHA)
Koha item type Reference
Source of classification or shelving scheme Colon Classification (CC)
999 ## -
-- 1430415
-- 1430415
Holdings
Withdrawn status Lost status Source of classification or shelving scheme Damaged status Not for loan Home library Current library Date acquired Source of acquisition Inventory number Total checkouts Full call number Barcode Date last seen Price effective from Koha item type
    Colon Classification (CC)     South Campus Library South Campus Library 2025-05-22 Bookwell Publication 825, 13/02/2025   X:9.2'P1g R5 RR SC1691284 2025-05-22 2025-05-22 Reference
Copyright @ Delhi University Library System